| 000 | 00714nam a2200289Ia 4500 | ||
|---|---|---|---|
| 001 | 17730 | ||
| 003 | IT-RoPAU | ||
| 008 | 130308s9999 xx 000 0 und d | ||
| 040 | _aIT-RoPAU | ||
| 040 | _cIT-RoPAU | ||
| 041 | _aITALIANO | ||
| 100 | _aFabbri Diego | ||
| 100 | _gCodice Aut. SPICS: 6872 | ||
| 245 | _aEstetica cinematografica | ||
| 245 | _bVolto del Cinema (Il) | ||
| 250 | _a1a ed. | ||
| 260 | _aROMA | ||
| 260 | _bAve | ||
| 260 | _c1941 [1° Ed.:1941 - Ed.Ling.Originale:1941] | ||
| 300 | _a"31 p. (prefazione: no ; testo: 31 [pagine: 7-37])" | ||
| 650 | _aSAGGI SUL CINEMA | ||
| 650 | _eCodice materia Spics: 6811 | ||
| 942 | _cBK | ||
| 957 | _71 | ||
| 999 |
_c55283 _d55283 |
||
| 999 | _bSI | ||
| 999 | _g1 | ||